| 000 | 00886nam a2200205Ia 4500 | ||
|---|---|---|---|
| 003 | IN-BaIIA | ||
| 008 | 211028s9999 xx 000 0 eng d | ||
| 040 | _cIIA Library | ||
| 080 |
_a063:53 _bENF-34 |
||
| 111 |
_aConference of International School of Physics "Enrico Fermi" _cItaly _d1965 June 28- July10 _95558 |
||
| 245 | 4 |
_aThe optical properties of solids _bproceedings of the International School of Physics "Enrico Fermi" Verenna on Lake Como Villa Monastero 28th June-10th July 1965 _cedited by J. Tauc |
|
| 260 |
_aNew York _bAcademic Press _c1966 |
||
| 300 | _axi, 434p. | ||
| 490 | _aInternational School of Physics "Enrico Fermi" Course v. 34 | ||
| 650 | _aAstronomy and Astrophysics Thesaurus | ||
| 650 |
_aSocia Italian Di Fisica _95559 |
||
| 700 |
_aTauc, J., ed. _95560 |
||
| 710 | _aItalian Physical Society | ||
| 942 | _cBK | ||
| 999 |
_c3133 _d3133 |
||